Datum a čas kvízu
23.5
Celkem bodů
Celkový počet nahraných bodů na tomto kvízu bez doplňovacích otázek.
10.
Pořadí na kvízu
Konečné umístění týmu na tomto kvízu.
Zaznamenané odpovědi
| # | Otázka | Odpověď | Body | Výsledky |
|---|---|---|---|---|
| 1. | Premiér Petr Fiala má nově pro... | TikTok | 1 | |
| 2. | Britské ministerstvo vnitra pr... | (medvídek) Paddington | 1 | |
| 3. | Kapela Lucie ve čtvrtek oznámi... | Viktor Dyk, Štěpán Smetáček | 0.5 | |
| 4. | Minulý týden jsme se dozvěděli... | C) Alan Turing | 1 | |
| 5. | Český hokejový brankář Vítek V... | Vanacek | 1 | |
| 6. | Vzhledem ke končící bohaté hou... | třeň, pochva | 0 | |
| 7. | Uveďte rodové jméno tohoto ptá... | brhlík | 1 | |
| 8. | Při nocování v lese jste už mo... | liška | 1 | |
| 9. | V průběhu léta zástupci jeleno... | lýčí | 0 | |
| 10. | Na jaře se řada lidí vydává do... | konvalinka; ocún | 0.5 |